00409nam a2200145Ia 4500008004100000040001900041041001200060082001600072100002600088245005500114260003900169300002400208650001700232850001400249131103s9999 xx 000 0 und d aLoreto College aEnglish aREFbLCBED/ aParkar, Bertha Morris 4aThe golden book encyclopediacBertha Morris Parkar aNew YorkbSimon and schusterc1959 aV.12b pic.c 24cm. aEncyclopedia aLCBED/REF